000 00607nam a2200193 4500
005 20241008150214.0
010 _aENG-141963
020 _c850.00
_a9789393330697
035 _aEN-125495
037 _bDBAD
082 _a006.31
_21
100 _aMurty, M N
_972470
245 _aMachine Learning:
_cBy M N Murty [and] Ananthanarayana V S
_bTheory and Practice/
250 _a1
260 _aHyderabad
_bUniversities Press (India) Pvt. Ltd.
_c2024
270 _a3-6-747/A & 3-6-754/1, Himayatnagar
_bHyderabad
_e500029
300 _a20,332p.
_c24cm(pbk)
942 _2ddc
_cEN
_h006.31
_mMUR
999 _c206168
_d206168